UM Logo
Normal view MARC view
  • Ferraro, Gary P.

Entry Personal Name

Number of records used in: 2

001 - CONTROL NUMBER

  • control field: 27429

003 - CONTROL NUMBER IDENTIFIER

  • control field: OSt

005 - DATE AND TIME OF LATEST TRANSACTION

  • control field: 20180417131207.0

008 - FIXED-LENGTH DATA ELEMENTS

  • fixed length control field: 180417|| aca||aabn | a|a d

040 ## - CATALOGING SOURCE

  • Original cataloging agency: OSt

100 ## - HEADING--PERSONAL NAME

  • Personal name: Ferraro, Gary P.